| 000 | 02320cam a22005534i 4500 | ||
|---|---|---|---|
| 003 | PE-LiUPU | ||
| 005 | 20250731173508.0 | ||
| 008 | 150616s r 000 0 d | ||
| 020 | _a0802807976 | ||
| 035 | _a(Sirsi) i9780802807977 | ||
| 040 |
_aPE-LiUPU _bspa _cPE-LiUPU _erda |
||
| 049 | _aPRUA | ||
| 082 | 0 | 4 |
_a234.7 _bD97 _221 |
| 100 | 1 |
_aDunn, James D. G., 1939-, _eautor. |
|
| 245 | 1 | 4 | _aThe Justice of God. |
| 264 | 1 |
_aGrand Rapids, Michigan : _bWilliam B. Eerdmans Publishing Company, _c1993. |
|
| 300 |
_a87 páginas ; _c21 centímetros |
||
| 336 |
_atext _2rdacontent |
||
| 337 |
_aunmediated _2rdamedia |
||
| 338 |
_avolume _2rdacarrier |
||
| 504 | _aBibliografía: páginas 85-87. | ||
| 505 | 0 | _aA fresh look at hte biblical emphases.- Martin Luther and the individual conscience.- Three case studies.- Germany: A tale of two kingdoms. | |
| 526 | _aSEG42 | ||
| 526 | _aSEG41 | ||
| 526 | _aSEG40 | ||
| 526 | _aSEG39 | ||
| 526 | _aP94 | ||
| 526 | _aP87 | ||
| 526 | _aP86 | ||
| 526 | _aP85 | ||
| 526 | _aP77 | ||
| 526 | _aP76 | ||
| 526 | _aP35 | ||
| 650 | 0 | 4 | _aCRISTIANISMO Y JUSTICIA. |
| 650 | 0 | 4 | _aJUSTIFICACION (TEOLOGIA). |
| 650 | 0 | 4 |
_aJUSTIFICACION _xHISTORIA DE DOCTRINAS. |
| 700 | 1 |
_aSuggate, Alan M., _eautor. |
|
| 910 |
_ajck _bjvq _cjck |
||
| 942 |
_2ddc _cBOOK |
||
| 949 |
_a234.7 D97 _wDEWEY _c1 _i42488 _lCCODEBUL1 _mBUL _r0 _sY _tBOOK _u2015-4-23 _xTEOLOGIA _zUNKNOWN _0COMPRA _o.STAFF. Colección General |
||
| 949 |
_a234.7 D97 _wDEWEY _c2 _i40550 _lCCODEBUL1 _mBUL _r0 _sY _tBOOK _u2015-6-16 _xTEOLOGIA _zUNKNOWN _0COMPRA _o.STAFF. Colección General |
||
| 949 |
_a234.7 D97 _wDEWEY _c3 _i47166 _lCCODEBUL1 _mBUL _r0 _sY _tBOOK _u2015-7-9 _xTEOLOGIA _zUNKNOWN _0COMPRA _o.STAFF. Colección General |
||
| 994 |
_aC0 _bPEPRU |
||
| 596 | _a1 | ||
| 999 |
_a234.7 D97 _wDEWEY _c58335 _i42488 _f2021-11-10 _g5 _lCCODEBUL1 _mBUL _r0 _sY _tBOOK _u2015-4-23 _xTEOLOGIA _zUNKNOWN _0COMPRA _o.STAFF. Colección General _d58335 |
||
| 999 |
_a234.7 D97 _wDEWEY _c2 _i40550 _f2021-11-10 _g5 _lCCODEBUL1 _mBUL _r0 _sY _tBOOK _u2015-6-16 _xTEOLOGIA _zUNKNOWN _0COMPRA _o.STAFF. Colección General |
||
| 999 |
_a234.7 D97 _wDEWEY _c3 _i47166 _f2021-11-10 _g5 _lCCODEBUL1 _mBUL _r0 _sY _tBOOK _u2015-7-9 _xTEOLOGIA _zUNKNOWN _0COMPRA _o.STAFF. Colección General |
||
| 980 |
_81 _gALBERTO SANCHEZ Responsable de Automatización |
||